00489nam a22001577a 450000500170000001000170001702000260003403500170006003700150007708200110009210000310010324500690013426000410020327000650024430000220030920180423152828.0 aB-691581-582 c450.00a9780198077251 aB-691581-582 bR.K.Books  a954.02 aChattopadhyaya, Brajadulal aThe making of early medieval Indiacby Brajadulal Chattopadhyaya aDelhibOxford University Pressc2012 a2/11 Ground Floor,Ansari Road, DaryaganjbNew Delhi e110002 a290p.c21cm (pbk)